Dimensions of behaviour : a study in the logic of psychology an sociology /

Guardado en:
Autor Principal: Carlsson, N.gösta
Formato: Libro
Publicado: Lund : C.w.k.gleerup, 1949
Materias:
Etiquetas: Agregar Etiqueta
Sin Etiquetas, Sea el primero en etiquetar este registro!
LEADER 00508nam a22001575a 4500
001 EHU.bham001059
003 AR-BHAM
005 20070312165628.0
008 130507s1949##################000#0#####d
082 3 0 |a 301.15 
100 1 |a Carlsson, N.gösta 
245 1 0 |a Dimensions of behaviour :  |b a study in the logic of psychology an sociology /  |c N.Gösta Carlsson. 
260 |a Lund :  |b C.w.k.gleerup,  |c 1949 
300 |a 190 p. 
653 |a Psicologia social 
859 |a AR-BHAM  |b BIB. HUMANIDADES - General  |h 301.15  |i C197  |p 324.61  |t Ej.1